[Event "XXX Miedzynarodowy Turniej o Puchar Wojewody Dolnoslaskiego"]
[Site "Legnica, Hotel Qubus****"]
[Date "1899-12-30"]
[Round "1.1"]
[White "Czarnota, Pawel"]
[Black "Kriebel, Tadeas"]
[Result "1/2-1/2"]
[WhiteTitle "GM"]
[BlackTitle "IM"]
[WhiteElo "2529"]
[BlackElo "2442"]

1. c4 c5 2. Nf3 Nc6 3. Nc3 e5 4. g3 g6 5. Bg2 Bg7 6. O-O Nge7 7. Ne1 O-O 8. Nc2
d6 9. Ne3 Rb8 10. Ned5 a6 11. a4 a5 12. d3 Nb4 13. f4 Nexd5 14. Nxd5 Nxd5 15.
Bxd5 Be6 16. e4 Bxd5 17. cxd5 exf4 18. Bxf4 b5 19. Kh1 f5 20. axb5 Rxb5 21. exf5
Rxf5 22. Qe2 Kh8 23. Bxd6 Rb6 24. Rxf5 gxf5 25. Bc7 Qxd5+ 26. Qg2 Qxg2+ 27. Kxg2
Rxb2+ 28. Kh3 Rxh2+ 29. Kxh2 Bxa1 30. Bxa5 Kg7 31. Bb6 Bd4 32. Kg2 Kf6 33. Kf3
h5 34. Ba7 Ke6 35. Bb6 Kd5 36. Kf4 Be5+ 37. Kxf5 Bxg3 38. Kg5 h4 39. Kg4 Kd4 40.
Kh3 Bf2 41. Kg4 Kxd3 42. Bxc5 h3 43. Bd6 h2 44. Bxh2 1/2-1/2

[Event "XXX Miedzynarodowy Turniej o Puchar Wojewody Dolnoslaskiego"]
[Site "Legnica, Hotel Qubus****"]
[Date "1899-12-30"]
[Round "1.2"]
[White "Simacek, Pavel"]
[Black "Sabuk, Piotr"]
[Result "0-1"]
[WhiteTitle "IM"]
[BlackTitle "k"]
[WhiteElo "2464"]
[BlackElo "2303"]

1. e4 e5 2. Nf3 Nc6 3. Bb5 a6 4. Ba4 Nf6 5. O-O Be7 6. Bxc6 dxc6 7. d3 Nd7 8. Nbd2
f6 9. Nh4 Nf8 10. Nf5 Bxf5 11. exf5 Qd7 12. Qh5+ g6 13. fxg6 Nxg6 14. Ne4 f5 15.
Ng5 Bd6 16. Bd2 O-O-O 17. Rae1 Rde8 18. Kh1 Kb8 19. Re2 Qg7 20. f4 exf4 21. Bc3
Be5 22. Rfe1 Re7 23. Bxe5 Rxe5 24. Rxe5 Nxe5 25. Ne6 Qf6 26. Nxf4 Ng6 27. Qh6
Qxb2 28. Nxg6 hxg6 29. Qxg6 Qxa2 30. Qxf5 Qxc2 31. h3 Rg8 32. g4 Rd8 33. g5 Rxd3
34. Rg1 Qc3 35. Kh2 Rf3 36. Qe6 Qd2+ 37. Kh1 Rf2 38. Qe5 Qd3 39. Qg3 Rf3 40. Qxf3
Qxf3+ 41. Kh2 Qf4+ 42. Rg3 Qd2+ 43. Rg2 Qd6+ 44. Rg3 Qg6 45. h4 b5 46. Kh3 b4
47. Kg4 Ka7 48. Re3 b3 49. h5 Qd6 50. Kf5 b2 51. Re1 Qd3+ 52. Ke6 Qh3+ 53. Kf6
0-1

[Event "XXX Miedzynarodowy Turniej o Puchar Wojewody Dolnoslaskiego"]
[Site "Legnica, Hotel Qubus****"]
[Date "1899-12-30"]
[Round "1.3"]
[White "Nosenko, Alexander"]
[Black "Gajek, Radoslaw"]
[Result "1/2-1/2"]
[WhiteTitle "GM"]
[BlackTitle "FM"]
[WhiteElo "2510"]
[BlackElo "2316"]

1. d4 Nf6 2. c4 e6 3. Nc3 Bb4 4. e3 O-O 5. Nge2 d5 6. a3 Bd6 7. Ng3 c5 8. dxc5
Bxc5 9. b4 Be7 10. Bb2 Nc6 11. Be2 d4 12. exd4 Nxd4 13. Bd3 a5 14. b5 e5 15. O-O
Bg4 16. f3 Be6 17. Na4 Qc7 18. Qe1 Rfd8 19. Rd1 h5 20. Rf2 h4 21. Nf1 h3 22. g3
Rd7 23. Ne3 Rad8 24. Bf1 b6 25. Rc1 Qb7 26. Be2 Nxe2+ 27. Qxe2 Rd2 28. Qf1 Rxb2
29. Nxb2 Bc5 30. Qe1 e4 31. Na4 Bd4 32. Rd1 exf3 33. Nc3 Bxc4 34. Nxc4 Bxf2+ 35.
Qxf2 Rxd1+ 36. Nxd1 Ng4 37. Qf1 Qe4 38. Nf2 Qd4 39. Nd2 Qe3 40. Nc4 Qd4 41. Nd2
1/2-1/2

[Event "XXX Miedzynarodowy Turniej o Puchar Wojewody Dolnoslaskiego"]
[Site "Legnica, Hotel Qubus****"]
[Date "1899-12-30"]
[Round "1.4"]
[White "Cyborowski, Lukasz"]
[Black "Sieciechowicz, Marcin"]
[Result "1/2-1/2"]
[WhiteTitle "GM"]
[BlackTitle "IM"]
[WhiteElo "2512"]
[BlackElo "2441"]

1. c4 Nf6 2. Nc3 d5 3. cxd5 Nxd5 4. Nf3 g6 5. Qa4+ c6 6. g3 Bg7 7. Bg2 O-O 8. O-O
Nd7 9. Nxd5 cxd5 10. d3 e5 11. Bg5 Nc5 12. Qa3 Qd6 13. Be3 d4 14. Bd2 Be6 15.
Bb4 Rfc8 16. Rfc1 Bf8 17. Bxc5 Rxc5 18. Rxc5 Qxc5 19. Qxc5 Bxc5 20. Nxe5 Re8 21.
Kf1 Bb6 22. a3 Rc8 23. Bxb7 Rb8 24. Bf3 Bc7 25. Nc6 Rxb2 26. Nxa7 Ba5 27. Nc6
Bc3 28. a4 Rb3 29. Rc1 Ra3 30. a5 Bd7 31. Rb1 Bxc6 32. Bxc6 Rxa5 33. Rb7 Rc5 34.
Be8 Rf5 35. Ba4 g5 36. Kg2 Be1 37. f3 Bd2 38. Bb3 Kg7 39. Rd7 Be3 40. f4 h6 41.
Kf3 Rf6 42. Bc4 h5 43. Rd5 gxf4 44. Rxh5 fxg3+ 45. Kxg3 Rf2 46. Rg5+ Bxg5 47.
Kxf2 Be3+ 1/2-1/2

[Event "XXX Miedzynarodowy Turniej o Puchar Wojewody Dolnoslaskiego"]
[Site "Legnica, Hotel Qubus****"]
[Date "1899-12-30"]
[Round "1.5"]
[White "Oral, Tomas"]
[Black "Stachowiak, Kamil"]
[Result "1-0"]
[WhiteTitle "GM"]
[BlackTitle "IM"]
[WhiteElo "2489"]
[BlackElo "2448"]

1. e4 c5 2. Nf3 e6 3. d4 cxd4 4. Nxd4 Nc6 5. Nc3 Qc7 6. Be2 a6 7. O-O Nf6 8. Kh1
Nxd4 9. Qxd4 Bc5 10. Qd3 b5 11. f4 h5 12. e5 Ng4 13. Bf3 Bb7 14. Bxb7 Qxb7 15.
Ne4 Rc8 16. a4 b4 17. c4 Be7 18. b3 f5 19. exf6 gxf6 20. Bb2 Rg8 21. Qf3 Qa8 22.
f5 d5 23. cxd5 exd5 24. Nf2 Rc2 25. Bd4 Qb8 26. Nxg4 Rxg4 27. Rf2 Rxf2 28. Bxf2
Qf4 29. Re1 Kf8 30. Be3 Qxf3 31. gxf3 Rg8 32. Rd1 Kf7 33. Rxd5 Rc8 34. Bd2 Rc6
35. Rd4 Bd6 36. Bxb4 Rc1+ 37. Kg2 Be5 38. Rd7+ Ke8 39. Rd3 Rc2+ 40. Rd2 Rc7 41.
Re2 Kf7 42. Be1 Rc5 43. b4 Rc4 44. a5 Ke7 45. Bg3 Rxb4 46. f4 h4 47. Bxh4 Rb2
48. Bxf6+ 1-0

[Event "XXX Miedzynarodowy Turniej o Puchar Wojewody Dolnoslaskiego"]
[Site "Legnica, Hotel Qubus****"]
[Date "1899-12-30"]
[Round "2.1"]
[White "Kriebel, Tadeas"]
[Black "Stachowiak, Kamil"]
[Result "0-1"]
[WhiteTitle "IM"]
[BlackTitle "IM"]
[WhiteElo "2442"]
[BlackElo "2448"]

1. e4 c5 2. Nf3 e6 3. d4 cxd4 4. Nxd4 Nc6 5. Nc3 Qc7 6. Be3 a6 7. Qd2 Nf6 8. O-O-O
Be7 9. f3 O-O 10. g4 b5 11. g5 Nh5 12. Nce2 Rd8 13. Ng3 Nxd4 14. Qxd4 Nf4 15.
h4 Bb7 16. Qb6 Qb8 17. Kb1 d5 18. Bxf4 Qxf4 19. Qxb7 Bc5 20. Ne2 Qd6 21. e5 Qxe5
22. Nc1 Qd6 23. Bxb5 Rdb8 24. Qc6 axb5 25. Qxd6 Bxd6 26. c3 Kf8 27. a3 Ke7 28.
Ne2 Ra4 29. Nd4 Kd7 30. h5 Bf4 31. g6 fxg6 32. hxg6 h6 33. Rhe1 Rb6 34. Nb3 Rc4
35. Kc2 Bg5 36. Nd4 Bf6 37. f4 Bxd4 38. Rxd4 Rbc6 39. Kd3 Kd6 40. Rxc4 Rxc4 41.
Rf1 Ke7 42. f5 e5 43. f6+ gxf6 44. Rh1 Rg4 45. Rxh6 Ke6 46. Rh8 Rxg6 47. b4 Rg3+
48. Kd2 e4 49. Re8+ Kf5 50. Rb8 Kf4 51. Rxb5 Rg2+ 52. Kd1 e3 53. Rxd5 f5 54. b5
Ke4 55. Rd4+ Kf3 56. b6 Rg1+ 57. Kc2 e2 58. Rd3+ Kf2 59. Rd2 f4 60. a4 f3 61.
b7 Rg8 62. a5 Ke3 63. Rd3+ Kf2 64. Rd2 Kg3 0-1

[Event "XXX Miedzynarodowy Turniej o Puchar Wojewody Dolnoslaskiego"]
[Site "Legnica, Hotel Qubus****"]
[Date "1899-12-30"]
[Round "2.2"]
[White "Sieciechowicz, Marcin"]
[Black "Oral, Tomas"]
[Result "0-1"]
[WhiteTitle "IM"]
[BlackTitle "GM"]
[WhiteElo "2441"]
[BlackElo "2489"]

1. d4 Nf6 2. c4 g6 3. f3 d5 4. cxd5 Nxd5 5. e4 Nb6 6. Nc3 Bg7 7. Be3 O-O 8. Qd2
Nc6 9. O-O-O Qd6 10. f4 Bg4 11. Nf3 Rfd8 12. d5 Qb4 13. a3 Bxc3 14. axb4 Bxd2+
15. Rxd2 Nxb4 16. Ne5 Bc8 17. Bc5 a5 18. Bxe7 Re8 19. d6 cxd6 20. Bxd6 Be6 21.
Bb5 Rec8+ 22. Kb1 f6 23. Nd3 Ba2+ 24. Ka1 Bc4 0-1

[Event "XXX Miedzynarodowy Turniej o Puchar Wojewody Dolnoslaskiego"]
[Site "Legnica, Hotel Qubus****"]
[Date "1899-12-30"]
[Round "2.3"]
[White "Gajek, Radoslaw"]
[Black "Cyborowski, Lukasz"]
[Result "0-1"]
[WhiteTitle "FM"]
[BlackTitle "GM"]
[WhiteElo "2316"]
[BlackElo "2512"]

1. c4 e5 2. Nc3 Nf6 3. g3 d5 4. cxd5 Nxd5 5. Bg2 Nb6 6. Nf3 Nc6 7. O-O Be7 8. a3
O-O 9. b4 Be6 10. d3 a5 11. b5 Nd4 12. Nd2 a4 13. Bxb7 Ra5 14. Bb2 Nxb5 15. Bg2
Nd4 16. Rc1 Nb3 17. Rb1 Qd7 18. Na2 Rc8 19. Qe1 Nxd2 20. Qxd2 Rb5 21. Nc3 Rb3
22. Qe3 f6 23. Qe4 Rb8 24. Rfc1 Kh8 25. Qc6 Bd6 26. Rc2 Qe7 27. Rbc1 Bd7 28. Qf3
Rxb2 29. Rxb2 Bxa3 30. Rcb1 Bxb2 31. Rxb2 Qa3 0-1

[Event "XXX Miedzynarodowy Turniej o Puchar Wojewody Dolnoslaskiego"]
[Site "Legnica, Hotel Qubus****"]
[Date "1899-12-30"]
[Round "2.4"]
[White "Sabuk, Piotr"]
[Black "Nosenko, Alexander"]
[Result "1-0"]
[WhiteTitle "k"]
[BlackTitle "GM"]
[WhiteElo "2303"]
[BlackElo "2510"]

1. d4 f5 2. Nc3 d5 3. Bf4 a6 4. e3 Nf6 5. Bd3 e6 6. Nf3 c5 7. dxc5 Bxc5 8. O-O
Nc6 9. Ne2 Qe7 10. Ned4 O-O 11. c4 Bd7 12. cxd5 Nxd5 13. Bg5 Qd6 14. Nb3 h6 15.
Bh4 b5 16. Bg3 Qe7 17. Nxc5 Qxc5 18. Rc1 Qb4 19. Ne5 Nxe5 20. Bxe5 Rac8 21. Rxc8
Rxc8 22. Bxf5 Qe7 23. Bb1 Bc6 24. Qd3 Nf6 25. Rd1 Qf7 26. Rc1 Qd7 27. Bxf6 Qxd3
28. Bxd3 gxf6 29. Be4 Bd7 30. Rxc8+ Bxc8 31. b4 Kf8 32. f4 Ke7 33. Kf2 e5 34.
Kg3 f5 35. Bc2 Kf6 36. e4 Bb7 37. Kf3 Bc6 38. g3 Bb7 39. Ke3 fxe4 40. Bxe4 Bc8
41. a3 Ke6 42. h4 Kd6 43. Bf3 a5 44. fxe5+ Kxe5 45. bxa5 Ke4+ 46. Kxe4 1-0

[Event "XXX Miedzynarodowy Turniej o Puchar Wojewody Dolnoslaskiego"]
[Site "Legnica, Hotel Qubus****"]
[Date "1899-12-30"]
[Round "2.5"]
[White "Czarnota, Pawel"]
[Black "Simacek, Pavel"]
[Result "1/2-1/2"]
[WhiteTitle "GM"]
[BlackTitle "IM"]
[WhiteElo "2529"]
[BlackElo "2464"]

1. e4 e6 2. d4 d5 3. Nd2 Nf6 4. e5 Nfd7 5. Bd3 c5 6. c3 Nc6 7. Ne2 cxd4 8. cxd4
f6 9. exf6 Qxf6 10. Nf3 h6 11. O-O Bd6 12. Bb1 O-O 13. Qd3 Re8 14. Ng3 Nf8 15.
a3 Bd7 16. b4 a6 17. Bb2 Re7 18. Re1 Be8 19. Ne5 Bxe5 20. dxe5 Qh4 21. Ne2 Bg6
22. Qg3 Qxg3 23. hxg3 Bxb1 24. Raxb1 Nd7 25. f4 Nb6 26. Bd4 Nc4 27. Bc5 Rc7 28.
a4 a5 29. bxa5 Rxa5 30. Bb6 Nxb6 31. Rxb6 Rxa4 32. Reb1 d4 33. Rxb7 Rxb7 34. Rxb7
d3 35. Nc3 Rc4 36. Nb1 Rc2 37. Kh2 Nd4 38. Rd7 Nf3+ 39. Kh3 Ne1 40. g4 Rf2 41.
Rd4 g5 42. fxg5 hxg5 43. Nc3 Kg7 44. Rd7+ Kg6 45. Rd6 Nxg2 46. Kg3 Rc2 47. Rxe6+
Kg7 48. Rd6 Ne1 49. Ne4 Rg2+ 50. Kh3 Re2 51. Nxg5 d2 52. Kh4 Rxe5 53. Rd7+ Kg6
54. Rxd2 Ng2+ 55. Rxg2 Rxg5 1/2-1/2

[Event "XXX Miedzynarodowy Turniej o Puchar Wojewody Dolnoslaskiego"]
[Site "Legnica, Hotel Qubus****"]
[Date "1899-12-30"]
[Round "3.1"]
[White "Simacek, Pavel"]
[Black "Kriebel, Tadeas"]
[Result "1-0"]
[WhiteTitle "IM"]
[BlackTitle "IM"]
[WhiteElo "2464"]
[BlackElo "2442"]

1. Nf3 c5 2. c4 Nc6 3. Nc3 e5 4. e3 Nf6 5. d4 cxd4 6. exd4 exd4 7. Nxd4 Bb4 8.
Ndb5 O-O 9. a3 Bxc3+ 10. Nxc3 d5 11. cxd5 Ne7 12. d6 Nf5 13. Be2 Qxd6 14. Qxd6
Nxd6 15. Bf4 Nde4 16. Nxe4 Nxe4 17. f3 Nf6 18. Kf2 Be6 19. Rhd1 Nd5 20. Bg3 a6
21. Rd4 Rac8 22. Bd3 Rfd8 23. Rd1 Rd7 24. Be4 Rcd8 25. Bh4 f6 26. g4 b5 27. Kg1
h6 28. Be1 Nb6 29. Rxd7 Rxd7 30. Rxd7 Nxd7 31. Bc3 Nc5 32. Bg6 Bf7 33. Bb1 Bd5
34. Kf2 Kf7 35. Ke3 Ke6 36. f4 Kd6 37. h4 Nd7 38. Bb4+ Kc6 39. Kd4 Be6 40. Be4+
Kb6 41. Bf3 Kc7 42. Ba5+ Kd6 43. Bb4+ Kc7 44. g5 hxg5 45. hxg5 Bf5 46. Ba5+ Kd6
47. Bb4+ Kc7 48. Be4 Be6 49. Be7 Ba2 50. Bd5 Bb1 51. Be6 Bc2 52. Kc3 Be4 53. Kb4
fxg5 54. fxg5 g6 55. Kc3 Bb1 56. Kd4 Bc2 57. Bb4 Bb1 58. Bf7 Bc2 59. Bd5 Bb1 60.
Bd2 Bc2 61. Bf3 Bb3 62. Be4 Bf7 63. Bd5 Bxd5 64. Kxd5 Nb6+ 65. Ke6 Nc4 66. Bc3
a5 67. Kf7 b4 68. axb4 axb4 69. Bh8 Kd7 70. Kxg6 Ke6 71. Kh7 Ne3 72. Bd4 Ng4 73.
g6 Kd5 74. g7 Kxd4 75. Kg6 Ne5+ 76. Kf6 Nc4 77. b3 Nd2 78. g8=Q Kc3 79. Qg3+ Kc2
80. Qf4 Kc3 81. Qe3+ Kc2 82. Qd4 1-0

[Event "XXX Miedzynarodowy Turniej o Puchar Wojewody Dolnoslaskiego"]
[Site "Legnica, Hotel Qubus****"]
[Date "1899-12-30"]
[Round "3.2"]
[White "Nosenko, Alexander"]
[Black "Czarnota, Pawel"]
[Result "1-0"]
[WhiteTitle "GM"]
[BlackTitle "GM"]
[WhiteElo "2510"]
[BlackElo "2529"]

1. d4 Nf6 2. c4 g6 3. Nc3 Bg7 4. e4 d6 5. Bd3 O-O 6. Nge2 e5 7. d5 c5 8. O-O Nh5
9. f3 f5 10. exf5 gxf5 11. Qc2 Qf6 12. Be3 Bh6 13. Bf2 Kh8 14. Kh1 Rg8 15. a3
Na6 16. Rab1 Bd7 17. b4 b6 18. Nb5 Rg7 19. g3 Re8 20. Nec3 e4 21. Be2 Nf4 22.
bxc5 bxc5 23. Bd1 Nd3 24. Bg1 Qg6 25. Be2 f4 26. Nxe4 fxg3 27. hxg3 Nf4 28. Bh2
Bh3 29. Rf2 Nxe2 30. Qxe2 Rge7 31. Re1 Rxe4 32. fxe4 Bg4 33. Qd3 Bg7 34. Nxa7
Bd4 35. Rf4 Be5 36. Nc6 Bxf4 37. gxf4 Qh5 38. Re3 Qh4 39. Rg3 h5 40. e5 Nc7 41.
Qg6 1-0

[Event "XXX Miedzynarodowy Turniej o Puchar Wojewody Dolnoslaskiego"]
[Site "Legnica, Hotel Qubus****"]
[Date "1899-12-30"]
[Round "3.3"]
[White "Cyborowski, Lukasz"]
[Black "Sabuk, Piotr"]
[Result "1/2-1/2"]
[WhiteTitle "GM"]
[BlackTitle "k"]
[WhiteElo "2512"]
[BlackElo "2303"]

1. e4 e5 2. Nf3 Nc6 3. Nc3 g6 4. d4 exd4 5. Nxd4 Bg7 6. Be3 Nf6 7. Nxc6 bxc6 8.
e5 Ng8 9. f4 Ne7 10. Qf3 d6 11. O-O-O Be6 12. Bc5 O-O 13. exd6 cxd6 14. Bxd6 Nd5
15. Bxf8 Qxf8 16. Nxd5 Bxd5 17. Rxd5 cxd5 18. Qxd5 Rb8 19. c3 Rd8 20. Qf3 Rc8
21. Ba6 Rc7 22. Kb1 Qb8 23. Rc1 Rd7 24. Bc4 a5 25. a4 Qb6 26. Qe4 Qd8 27. Ka2
Re7 28. Qd5 Rd7 29. Qb5 Rd2 30. Re1 Kf8 31. Qc5+ Kg8 32. Qb5 Kf8 33. Qb3 Qc7 34.
Bb5 Bf6 35. Re2 Qxc3 36. Qxc3 Bxc3 37. Kb3 Rxe2 38. Bxe2 Bd2 39. f5 Ke7 40. Kc4
Kf6 41. fxg6 Ke5 1/2-1/2

[Event "XXX Miedzynarodowy Turniej o Puchar Wojewody Dolnoslaskiego"]
[Site "Legnica, Hotel Qubus****"]
[Date "1899-12-30"]
[Round "3.4"]
[White "Oral, Tomas"]
[Black "Gajek, Radoslaw"]
[Result "1/2-1/2"]
[WhiteTitle "GM"]
[BlackTitle "FM"]
[WhiteElo "2489"]
[BlackElo "2316"]

1. e4 c5 2. Nf3 d6 3. d4 cxd4 4. Nxd4 Nf6 5. Nc3 a6 6. Be2 e6 7. O-O Be7 8. f4
O-O 9. a4 Nc6 10. Be3 Bd7 11. Nb3 Rc8 12. a5 Nb4 13. Bb6 Qe8 14. Bf3 e5 15. Qd2
exf4 16. Nd4 Bd8 17. Bxd8 Rxd8 18. Qxf4 Qe5 19. Qd2 Nc6 20. Nxc6 Bxc6 21. Rfe1
Nd7 22. b4 Qe6 23. Be2 Ne5 24. b5 axb5 25. Bxb5 Bxb5 26. Nxb5 Qc4 27. Qd5 Qxc2
28. Rac1 Qb2 29. Rb1 Qc2 30. Rbc1 Qb2 31. Rb1 1/2-1/2

[Event "XXX Miedzynarodowy Turniej o Puchar Wojewody Dolnoslaskiego"]
[Site "Legnica, Hotel Qubus****"]
[Date "1899-12-30"]
[Round "3.5"]
[White "Stachowiak, Kamil"]
[Black "Sieciechowicz, Marcin"]
[Result "1-0"]
[WhiteTitle "IM"]
[BlackTitle "IM"]
[WhiteElo "2448"]
[BlackElo "2441"]

1. d4 Nf6 2. c4 g6 3. Nc3 d5 4. cxd5 Nxd5 5. Bd2 Nb6 6. e3 Bg7 7. f4 O-O 8. Nf3
N8d7 9. a4 a5 10. Ne4 Nd5 11. Qb3 N7f6 12. Bd3 Nxe4 13. Bxe4 Nf6 14. Bd3 b6 15.
O-O Bb7 16. Rfd1 Bd5 17. Qc2 Bxf3 18. gxf3 c5 19. dxc5 bxc5 20. Bc3 Qb6 21. Bc4
e6 22. Rd2 Qc6 23. Kf2 Nd5 24. Bxg7 Kxg7 25. Rad1 Nb6 26. Bb5 Qc7 27. Qc3+ Kg8
28. Rd6 Nd5 29. Qe5 Qe7 30. Kg3 Ra7 31. Bc4 Nf6 32. b3 Rc7 33. Kg2 h6 34. Ra6
Rd8 35. Rxd8+ Qxd8 36. Ra8 Qxa8 37. Qxc7 Nh5 38. Kf2 Ng7 39. e4 Qf8 40. Ke2 Nh5
41. Ke3 g5 42. fxg5 Qg7 43. Qd8+ Kh7 44. gxh6 Qxh6+ 45. Ke2 Nf4+ 46. Kd1 Qh3 47.
Qxa5 Qxf3+ 48. Kc1 Qxe4 49. Qxc5 f5 50. a5 Nd5 51. a6 Ne3 52. Qe7+ Kh8 53. Qd8+
Kg7 54. Qd7+ Kf8 55. Qc8+ Kg7 56. Qb7+ 1-0

[Event "XXX Miedzynarodowy Turniej o Puchar Wojewody Dolnoslaskiego"]
[Site "Legnica, Hotel Qubus****"]
[Date "1899-12-30"]
[Round "4.1"]
[White "Kriebel, Tadeas"]
[Black "Sieciechowicz, Marcin"]
[Result "0-1"]
[WhiteTitle "IM"]
[BlackTitle "IM"]
[WhiteElo "2442"]
[BlackElo "2441"]

1. e4 e6 2. d4 d5 3. Nc3 Bb4 4. e5 c5 5. a3 Bxc3+ 6. bxc3 Qa5 7. Bd2 Qa4 8. Qb1
c4 9. Nf3 Nc6 10. h4 Bd7 11. h5 O-O-O 12. g3 f5 13. Be2 Nh6 14. Kf1 Nf7 15. Kg2
Rdg8 16. Qb2 Kb8 17. Rag1 Qa5 18. Rb1 Bc8 19. a4 Ka8 20. Qa3 Qd8 21. Rb5 Qe7 22.
Qa1 Bd7 23. Bc1 g5 24. Ba3 Qd8 25. Rhb1 Na5 26. Bb4 Bxb5 27. axb5 b6 28. Nd2 g4
29. Rb2 Qc7 30. Ra2 Rb8 31. Bxa5 bxa5 32. Rxa5 Rb6 33. Qa4 Rhb8 34. f4 Qd7 35.
Nxc4 dxc4 36. Bxc4 Rc8 37. Kh2 Nd8 38. Qb3 Qc7 39. Ra4 Kb8 40. Qa2 Rb7 41. Kg1
Qd7 42. Rb4 Rcc7 43. Qb3 Qc8 44. Kf2 Rb6 45. Ke3 Rd7 46. Qb1 Qb7 47. Qg1 a6 48.
Qf1 axb5 49. Bxb5 Nc6 50. Rb3 Rd5 51. c4 Nxd4 52. cxd5 Nxb3 53. dxe6 Rxb5 54.
e7 Qa7+ 0-1

[Event "XXX Miedzynarodowy Turniej o Puchar Wojewody Dolnoslaskiego"]
[Site "Legnica, Hotel Qubus****"]
[Date "1899-12-30"]
[Round "4.2"]
[White "Gajek, Radoslaw"]
[Black "Stachowiak, Kamil"]
[Result "1/2-1/2"]
[WhiteTitle "FM"]
[BlackTitle "IM"]
[WhiteElo "2316"]
[BlackElo "2448"]

1. c4 Nf6 2. Nf3 c6 3. g3 d5 4. Bg2 e6 5. d4 Bb4+ 6. Bd2 Be7 7. Qc2 b6 8. O-O O-O
9. Rd1 Nbd7 10. Bf4 Bb7 11. Nc3 dxc4 12. Nd2 Nd5 13. Nxc4 Nxf4 14. gxf4 Qc7 15.
e3 Rad8 16. Rac1 c5 17. d5 exd5 18. Bxd5 Nf6 19. Bxb7 Qxb7 20. Ne5 g6 21. a4 Bd6
22. Qe2 a6 23. Rd2 Qc7 24. Rcd1 Bxe5 25. Rxd8 Rxd8 26. Rxd8+ Qxd8 27. fxe5 Nd5
28. Ne4 Nb4 29. Qg4 h5 30. Nf6+ Kh8 31. Qg5 Qd1+ 32. Kg2 Kg7 33. e6 fxe6 34. Nxh5+
Qxh5 35. Qe7+ Kh8 36. Qf8+ Kh7 37. Qf7+ 1/2-1/2

[Event "XXX Miedzynarodowy Turniej o Puchar Wojewody Dolnoslaskiego"]
[Site "Legnica, Hotel Qubus****"]
[Date "1899-12-30"]
[Round "4.3"]
[White "Sabuk, Piotr"]
[Black "Oral, Tomas"]
[Result "0-1"]
[WhiteTitle "k"]
[BlackTitle "GM"]
[WhiteElo "2303"]
[BlackElo "2489"]

1. d4 Nf6 2. c4 e6 3. Nc3 Bb4 4. e3 c5 5. Nge2 cxd4 6. exd4 O-O 7. a3 Be7 8. g3
d5 9. cxd5 Nxd5 10. Bg2 Nxc3 11. bxc3 Nc6 12. O-O Na5 13. Qd3 Bd7 14. Rb1 Rc8
15. Rxb7 Nxb7 16. Bxb7 Rb8 17. Be4 f5 18. Bg2 Qb6 19. Bf4 Bd6 20. c4 Bxf4 21.
Nxf4 Qb3 22. Re1 Rfc8 23. c5 Qxd3 24. Nxd3 Rb3 25. Nf4 Rcb8 26. c6 Rb1 27. Kf1
Bc8 28. Rxb1 Rxb1+ 29. Ke2 Rb2+ 30. Ke1 Kf8 31. a4 Ra2 32. d5 Ke7 33. dxe6 Bxe6
34. c7 Rc2 35. Bd5 Bxd5 36. Nxd5+ Kd6 37. Ne3 Rxc7 38. Nxf5+ Kc5 39. Ne3 Rd7 40.
f4 Kb4 41. f5 Kxa4 0-1

[Event "XXX Miedzynarodowy Turniej o Puchar Wojewody Dolnoslaskiego"]
[Site "Legnica, Hotel Qubus****"]
[Date "1899-12-30"]
[Round "4.4"]
[White "Czarnota, Pawel"]
[Black "Cyborowski, Lukasz"]
[Result "1/2-1/2"]
[WhiteTitle "GM"]
[BlackTitle "GM"]
[WhiteElo "2529"]
[BlackElo "2512"]

1. e4 e5 2. Nf3 Nf6 3. Nxe5 d6 4. Nf3 Nxe4 5. Nc3 Nxc3 6. dxc3 Be7 7. Bf4 Nc6 8.
Qd2 Be6 9. O-O-O Qd7 10. Ng5 Bxg5 11. Bxg5 f6 12. Be3 O-O-O 13. Be2 Rhe8 14. Rhe1
Bg4 15. f3 Bf5 16. Bf2 Bg6 17. Bb5 a6 18. Bf1 Rxe1 19. Rxe1 Re8 20. Rd1 Qf5 21.
b3 Qe5 22. h3 Qf5 23. a3 Qe5 24. Kb2 Re7 25. f4 Qe6 26. g4 Qe4 27. Re1 Qf3 28.
Rxe7 Nxe7 29. Qe3 Be4 30. c4 Kd7 31. Be2 1/2-1/2

[Event "XXX Miedzynarodowy Turniej o Puchar Wojewody Dolnoslaskiego"]
[Site "Legnica, Hotel Qubus****"]
[Date "1899-12-30"]
[Round "4.5"]
[White "Simacek, Pavel"]
[Black "Nosenko, Alexander"]
[Result "1/2-1/2"]
[WhiteTitle "IM"]
[BlackTitle "GM"]
[WhiteElo "2464"]
[BlackElo "2510"]

1. e4 Nf6 2. e5 Nd5 3. d4 Nb6 4. a4 a5 5. Nf3 d5 6. h3 Bf5 7. Bg5 h6 8. Bh4 Qd7
9. Bb5 c6 10. Bd3 Bxd3 11. Qxd3 e6 12. O-O c5 13. Qb3 Qc6 14. dxc5 Bxc5 15. Nc3
O-O 16. Nb5 N8d7 17. Rfe1 Rfc8 18. c3 Nc4 19. Qc2 Nf8 20. b3 Nb6 21. Qd2 Nbd7
22. b4 Bb6 23. Rac1 Ng6 24. Bg3 Ndf8 25. h4 Ne7 26. h5 Qd7 27. Nd6 Rc7 28. b5
Bc5 29. Qf4 Nc8 30. c4 Nb6 1/2-1/2

[Event "XXX Miedzynarodowy Turniej o Puchar Wojewody Dolnoslaskiego"]
[Site "Legnica, Hotel Qubus****"]
[Date "1899-12-30"]
[Round "5.1"]
[White "Nosenko, Alexander"]
[Black "Kriebel, Tadeas"]
[Result "1-0"]
[WhiteTitle "GM"]
[BlackTitle "IM"]
[WhiteElo "2510"]
[BlackElo "2442"]

1. d4 d5 2. c4 e6 3. Nf3 c6 4. Qc2 dxc4 5. Qxc4 b5 6. Qc2 Bb7 7. e4 Nf6 8. Bd3
a6 9. O-O c5 10. dxc5 Qc7 11. b4 Nc6 12. a3 Ng4 13. Bb2 Be7 14. Nbd2 Bf6 15. Bxf6
gxf6 16. Rfe1 O-O-O 17. Nf1 Rhg8 18. Rad1 f5 19. Qe2 Nf6 20. Ng3 f4 21. Nf1 Rg6
22. g3 fxg3 23. hxg3 Nh5 24. Qe3 Rdg8 25. e5 f5 26. exf6 Rxf6 27. Be4 Nf4 28.
Rd6 Kb8 29. N1h2 h5 30. Kf1 Nh3 31. Re2 Qc8 32. Bxc6 Bxc6 33. Rxc6 1-0

[Event "XXX Miedzynarodowy Turniej o Puchar Wojewody Dolnoslaskiego"]
[Site "Legnica, Hotel Qubus****"]
[Date "1899-12-30"]
[Round "5.2"]
[White "Cyborowski, Lukasz"]
[Black "Simacek, Pavel"]
[Result "1-0"]
[WhiteTitle "GM"]
[BlackTitle "IM"]
[WhiteElo "2512"]
[BlackElo "2464"]

1. Nf3 d5 2. c4 c6 3. d4 dxc4 4. e3 Be6 5. Qc2 Nf6 6. Bxc4 Bxc4 7. Qxc4 e6 8. O-O
Be7 9. Nc3 b5 10. Qd3 Nbd7 11. e4 a6 12. e5 Nd5 13. Nxd5 cxd5 14. Bd2 O-O 15.
Rac1 Qb6 16. Rc2 Rfc8 17. Rfc1 Rc4 18. b3 Rxc2 19. Qxc2 Ba3 20. Qc6 Qxc6 21. Rxc6
Kf8 22. Ba5 Be7 23. Ne1 Ke8 24. Nd3 Bd8 25. b4 Bxa5 26. bxa5 Kd8 27. Rd6 Rc8 28.
f4 Ke8 29. Rxa6 Rc4 30. Ra8+ Ke7 31. a3 f6 32. Nb4 fxe5 33. fxe5 Kf7 34. a6 Kg6
35. Ra7 Nb8 36. Rxg7+ Kxg7 37. a7 Nc6 38. a8=Q 1-0

[Event "XXX Miedzynarodowy Turniej o Puchar Wojewody Dolnoslaskiego"]
[Site "Legnica, Hotel Qubus****"]
[Date "1899-12-30"]
[Round "5.3"]
[White "Oral, Tomas"]
[Black "Czarnota, Pawel"]
[Result "0-1"]
[WhiteTitle "GM"]
[BlackTitle "GM"]
[WhiteElo "2489"]
[BlackElo "2529"]

1. e4 c5 2. Nf3 d6 3. d4 cxd4 4. Nxd4 Nf6 5. Nc3 Nc6 6. Bg5 e6 7. Qd2 a6 8. O-O-O
Bd7 9. f4 b5 10. Bxf6 gxf6 11. Kb1 b4 12. Nce2 Qb6 13. f5 Nxd4 14. Nxd4 e5 15.
Nf3 Bc6 16. Bd3 h5 17. Rhe1 Qc5 18. Qe2 a5 19. Bc4 Rc8 20. Nd2 h4 21. Qe3 Qxe3
22. Rxe3 Bh6 23. Re2 Ke7 24. b3 Rhg8 25. Bd5 Bxd5 26. exd5 Bxd2 27. Rdxd2 Rg5
28. Rf2 Rc3 29. Kb2 Kd7 30. a3 Kc7 31. axb4 axb4 32. Rd1 Kb6 33. Ra1 Rg4 34. Ra8
Rf4 35. Rxf4 exf4 36. h3 Rg3 37. Ra1 f3 38. gxf3 Rxh3 39. Re1 Kb5 40. Re4 Rh1
41. c4+ bxc3+ 42. Kxc3 h3 43. Rb4+ Kc5 44. Rc4+ Kxd5 45. Kb4 Rd1 46. Rc2 Rd4+
0-1

[Event "XXX Miedzynarodowy Turniej o Puchar Wojewody Dolnoslaskiego"]
[Site "Legnica, Hotel Qubus****"]
[Date "1899-12-30"]
[Round "5.4"]
[White "Stachowiak, Kamil"]
[Black "Sabuk, Piotr"]
[Result "1-0"]
[WhiteTitle "IM"]
[BlackTitle "k"]
[WhiteElo "2448"]
[BlackElo "2303"]

1. d4 d5 2. Nf3 Nf6 3. c4 e6 4. Nc3 Be7 5. Bf4 O-O 6. e3 Nbd7 7. c5 Nh5 8. Bd3
Nxf4 9. exf4 b6 10. b4 a5 11. a3 c6 12. O-O Qc7 13. g3 Ba6 14. Qc2 Bxd3 15. Qxd3
Ra7 16. Rab1 axb4 17. axb4 Ra3 18. Rfc1 Bf6 19. Ne5 Bxe5 20. fxe5 Rfa8 21. Qc2
b5 22. h4 f6 23. exf6 Nxf6 24. Re1 Re8 25. Re3 Ra7 26. Rbe1 Qf7 27. Qe2 Rae7 28.
Ra1 Qg6 29. Ra6 Ng4 30. Rd3 Rf7 31. f4 Rxf4 32. h5 Qg5 33. gxf4 Qxf4 34. Ra1 Nh6
35. Rf1 Qh4 36. Qe5 Nf7 37. Qf4 Qxh5 38. Rg3 h6 39. Qc7 e5 40. Qxc6 Ng5 41. Qxd5+
Kh8 42. dxe5 Nh3+ 1-0